Statistics for Language Names #1

Click here to take the quiz!

General Stats

  • This quiz has been taken 29 times
  • The average score is 12 of 16

Answer Stats

HintAnswer% Correct
FrançaisFrench
100%
ItalianoItalian
100%
EspañolSpanish
100%
EnglishEnglish
96%
DeutschGerman
96%
Русский
Russian
96%
ʻŌlelo Hawaiʻi
Hawai'ian
87%
日本語
Japanese
83%
עִברִיתHebrew
70%
український
Ukrainian
70%
NorskNorwegian
61%
𓂋𓏺𓈖 𓆎𓅓𓏏𓊖Egyptian
57%
แบบไทย
Thai
52%
ქართული
Georgian
39%
𒅴𒂠Sumerian
26%
тоҷикӣ
Tajik
26%

Score Distribution

Percentile by Number Answered

Percent of People with Each Score

Your Score History

You have not taken this quiz